Statistics for Top 20 Most Popoulous Cities in Greece

Click here to take the quiz!

General Stats

  • This quiz has been taken 28 times
  • The average score is 6 of 20

Answer Stats

PopulationCity% Correct
664,046Athens
100%
354,290Thessaloniki
100%
137,154Heraklion
65%
144,651Larissa
65%
168,034Patras
54%
163,688Piraeus
54%
86,048Volos
38%
100,641Kallithea
19%
89,380Nikaia
15%
139,981Peristeri
15%
99,346Acharnes
12%
87,305Glyfada
12%
84,793Ilion
12%
73,076Nea Smyrni
12%
71,294Agios Dimitrios
8%
78,153Ilioupolis
8%
91,617Kalamaria
8%
77,077Keratsini
8%
74,192Khalandrion
4%
72,333Marousi
4%

Score Distribution

Percentile by Number Answered

Percent of People with Each Score

Your Score History

You have not taken this quiz